[Event "Frome Open 2018"]
[Site "Frome ENG"]
[Date "2018.05.19"]
[Round "2.17"]
[White "Littleton, Mark"]
[Black "Lewis, David"]
[Result "1-0"]
[WhiteElo "1937"]
[BlackElo "1644"]
[PlyCount "53"]
[EventDate "2018.??.??"]
[SourceVersionDate "2018.05.20"]

1. d4 Nf6 2. Nf3 g6 3. Bg5 Ne4 4. Bh4 Bg7 5. Nbd2 d5 6. e3 O-O 7. Nxe4 dxe4 8.
Nd2 f5 9. Bc4+ Kh8 10. O-O Qe8 11. Re1 e5 12. dxe5 Bxe5 13. c3 h6 14. Bg3 Bxg3
15. hxg3 b5 16. Be2 Be6 17. Nb3 a6 18. Qd4+ Kh7 19. Qc5 Rf7 20. Rad1 Nc6 21.
Rd2 Bxb3 22. axb3 Qe6 23. b4 f4 24. gxf4 Raf8 25. Qd5 Qe8 26. Bg4 Re7 27. Bd7
1-0

[Event "Frome Open 2018"]
[Site "Frome ENG"]
[Date "2018.05.19"]
[Round "2.18"]
[White "Forster, James Connor C"]
[Black "Ward, Julian D"]
[Result "1/2-1/2"]
[WhiteElo "1843"]
[BlackElo "1937"]
[PlyCount "76"]
[EventDate "2018.??.??"]
[SourceVersionDate "2018.05.20"]

1. d4 Nf6 2. c4 e6 3. Nc3 Bb4 4. Qc2 d5 5. Bg5 h6 6. Bh4 c5 7. dxc5 g5 8. Bg3
Ne4 9. Be5 O-O 10. a3 Qa5 11. Rc1 Qxc5 12. e3 Bxc3+ 13. Bxc3 Nxc3 14. Qxc3 dxc4
15. Bxc4 b5 16. Be2 Qxc3+ 17. Rxc3 Bb7 18. Nf3 a6 19. O-O Nc6 20. Rfc1 Rac8 21.
h3 Ne7 22. Nd4 Rxc3 23. Rxc3 Rc8 24. Rxc8+ Bxc8 25. Bf3 e5 26. Nb3 f5 27. Nc5
e4 28. Bd1 Kg7 29. g4 a5 30. Nb3 a4 31. Nd4 Bd7 32. Be2 b4 33. axb4 f4 34. b5
fxe3 35. fxe3 Nd5 36. Kf2 Kf6 37. Bd1 Nb6 38. Be2 Ke5 1/2-1/2

[Event "Frome Open 2018"]
[Site "Frome ENG"]
[Date "2018.05.19"]
[Round "3.1"]
[White "Stoyanov, Viktor"]
[Black "Jones, Steven A"]
[Result "1/2-1/2"]
[WhiteElo "2129"]
[BlackElo "2225"]
[PlyCount "78"]
[EventDate "2018.??.??"]
[SourceVersionDate "2018.05.20"]

1. d4 Nf6 2. Nf3 g6 3. Nbd2 Bg7 4. e4 d6 5. Bd3 O-O 6. O-O Nbd7 7. Re1 e5 8.
dxe5 Nxe5 9. Nxe5 dxe5 10. Nc4 Bg4 11. f3 Be6 12. Be3 Nd7 13. Qe2 Qe7 14. c3
Nc5 15. Bc2 Bxc4 16. Qxc4 Ne6 17. Rad1 Rfd8 18. Qa4 a6 19. Qc4 h5 20. Rd5 c6
21. Rdd1 Rxd1 22. Rxd1 Rd8 23. Rd3 Bf6 24. Bb6 Rd7 25. Rxd7 Qxd7 26. Qd3 Qxd3
27. Bxd3 Be7 28. Be3 Bc5 29. Kf2 Kf8 30. Bxc5+ Nxc5 31. Bc2 Ke7 32. Ke3 b5 33.
b4 Nb7 34. a4 Nd6 35. axb5 axb5 36. Bb3 f5 37. g3 Kf6 38. Bg8 fxe4 39. fxe4 g5
1/2-1/2

[Event "Frome Open 2018"]
[Site "Frome ENG"]
[Date "2018.05.19"]
[Round "3.2"]
[White "Abicht, Till Konstantin"]
[Black "Waddington, Mike P"]
[Result "1/2-1/2"]
[WhiteElo "2183"]
[BlackElo "2073"]
[PlyCount "55"]
[EventDate "2018.??.??"]
[SourceVersionDate "2018.05.20"]

1. Nc3 c5 2. g3 Nc6 3. Bg2 g6 4. e3 Bg7 5. Nge2 e6 6. O-O d5 7. d4 cxd4 8. Nxd4
Nge7 9. Nce2 O-O 10. c3 e5 11. Nb3 f5 12. Qc2 Be6 13. Nc5 Qc8 14. Nxe6 Qxe6 15.
Bd2 Rac8 16. Qa4 a6 17. Rfe1 Ra8 18. Rad1 b5 19. Qa3 Rfd8 20. Bc1 Bf8 21. Qb3
Na5 22. Qc2 Rac8 23. Qb1 Kh8 24. b3 Ng8 25. Bb2 Bg7 26. Qa1 Rc7 27. Nc1 Rdd7
28. Nd3 1/2-1/2

[Event "Frome Open 2018"]
[Site "Frome ENG"]
[Date "2018.05.19"]
[Round "3.3"]
[White "Headlong, Timothy"]
[Black "Hollands, George E"]
[Result "1-0"]
[WhiteElo "2128"]
[BlackElo "1766"]
[PlyCount "63"]
[EventDate "2018.??.??"]
[SourceVersionDate "2018.05.20"]

1. Nf3 d5 2. c4 Nf6 3. cxd5 Nxd5 4. d4 g6 5. e4 Nb6 6. h3 Bg7 7. Nc3 O-O 8. Be2
N8d7 9. O-O c5 10. d5 Ne5 11. Nxe5 Bxe5 12. Be3 Nd7 13. f4 Bg7 14. e5 b6 15.
Bc4 Bb7 16. Qe2 a6 17. a4 Kh8 18. Kh1 Re8 19. Rad1 Qc7 20. Bf2 Qc8 21. Bg3 f5
22. Bh4 Qc7 23. Kg1 Nxe5 24. fxe5 Bxe5 25. Rfe1 Bd4+ 26. Bf2 Bf6 27. Qd3 Rad8
28. Re6 Rd6 29. Bg3 Bd4+ 30. Kh1 Qd7 31. Bxd6 exd6 32. Rde1 1-0

[Event "Frome Open 2018"]
[Site "Frome ENG"]
[Date "2018.05.19"]
[Round "3.4"]
[White "Turner, Joseph D"]
[Black "Duggan, Michael FG"]
[Result "1/2-1/2"]
[WhiteElo "1855"]
[BlackElo "2080"]
[PlyCount "30"]
[EventDate "2018.??.??"]
[SourceVersionDate "2018.05.20"]

1. e4 c6 2. d3 d5 3. Nd2 g6 4. Ngf3 Bg7 5. g3 dxe4 6. dxe4 Nf6 7. Bg2 O-O 8.
O-O Nbd7 9. Re1 Nc5 10. Qe2 a5 11. e5 Nd5 12. Nf1 Bf5 13. Ne3 Be4 14. a3 Qc7
15. Ng4 Bxf3 1/2-1/2

[Event "Frome Open 2018"]
[Site "Frome ENG"]
[Date "2018.05.19"]
[Round "3.5"]
[White "Howell, Oliver W"]
[Black "Anderson, Peter W"]
[Result "0-1"]
[WhiteElo "1831"]
[BlackElo "1977"]
[PlyCount "78"]
[EventDate "2018.??.??"]
[SourceVersionDate "2018.05.20"]

1. Nf3 g6 2. c4 Bg7 3. g3 e5 4. Bg2 d6 5. O-O f5 6. d3 Nf6 7. Nc3 O-O 8. Rb1
Nc6 9. Bd2 h6 10. b4 g5 11. b5 Ne7 12. Na4 Ng6 13. c5 d5 14. Bb4 c6 15. Nc3 g4
16. Nd2 f4 17. bxc6 bxc6 18. Qa4 Qe8 19. Ba3 h5 20. Nb3 h4 21. gxf4 Nxf4 22.
Bc1 N6h5 23. Na5 Nxg2 24. Kxg2 Bd7 25. Rb7 Nf4+ 26. Bxf4 Rxf4 27. e4 g3 28.
Rxd7 Qxd7 29. fxg3 Rxf1 30. Kxf1 hxg3 31. hxg3 Qh3+ 32. Ke2 Qg2+ 33. Kd1 Rf8
34. Ne2 Rf1+ 35. Kd2 Bh6+ 36. Kc3 Qxe2 37. Qxc6 Qd2+ 38. Kb3 Rb1+ 39. Ka3 Qb4#
0-1

[Event "Frome Open 2018"]
[Site "Frome ENG"]
[Date "2018.05.19"]
[Round "3.6"]
[White "Kramaley, David"]
[Black "Whitehead, Mark A"]
[Result "1/2-1/2"]
[WhiteElo "1819"]
[BlackElo "1897"]
[PlyCount "54"]
[EventDate "2018.??.??"]
[SourceVersionDate "2018.05.20"]

1. e4 c5 2. Nf3 e6 3. d3 d6 4. g3 g6 5. Bg5 Qb6 6. Nbd2 h6 7. Be3 Bg7 8. Nc4
Qc7 9. Bf4 e5 10. Bd2 Ne7 11. Bg2 O-O 12. O-O Nbc6 13. c3 Be6 14. Ne3 d5 15.
Qc2 Rac8 16. Rae1 dxe4 17. dxe4 Rfd8 18. Rd1 Rd7 19. b3 Rcd8 20. c4 Nd4 21.
Nxd4 cxd4 22. Nd5 Nxd5 23. exd5 Bxd5 24. Bxd5 Rxd5 25. Qc1 R5d7 26. Bxh6 f6 27.
Rfe1 Qc6 1/2-1/2

[Event "Frome Open 2018"]
[Site "Frome ENG"]
[Date "2018.05.19"]
[Round "3.7"]
[White "Waterfield, John W"]
[Black "Weatherlake, John P"]
[Result "1/2-1/2"]
[WhiteElo "1942"]
[BlackElo "2132"]
[PlyCount "120"]
[EventDate "2018.??.??"]
[SourceVersionDate "2018.05.20"]

1. e4 d6 2. d4 Nf6 3. Nc3 Nbd7 4. f4 e5 5. Nf3 exd4 6. Qxd4 c6 7. Be3 d5 8.
exd5 Bc5 9. Qd3 Qe7 10. Kd2 O-O 11. Re1 Qd6 12. dxc6 Qxc6 13. Kc1 Bd6 14. Nd4
Nc5 15. Nxc6 Nxd3+ 16. Bxd3 bxc6 17. Ne4 Nxe4 18. Bxe4 Bb7 19. Bf3 Rfe8 20. g3
a5 21. Bb6 Rxe1+ 22. Rxe1 Kf8 23. c4 Be7 24. Re3 a4 25. c5 g5 26. Ra3 gxf4 27.
gxf4 Ra6 28. b4 axb3 29. Rxa6 Bxa6 30. axb3 Bb5 31. Kd2 Kg7 32. Be4 h6 33. Bd3
Bxd3 34. Kxd3 Kf6 35. Ke4 Ke6 36. f5+ Kd7 37. Ke5 Bg5 38. Ba5 Be3 39. Bb4 Bg1
40. h4 Bh2+ 41. Kf6 Ke8 42. h5 Bf4 43. Bc3 Bg5+ 44. Ke5 Ke7 45. Ke4 Kd7 46. Bd4
Be7 47. Be3 Bf8 48. b4 Kc7 49. Kd3 Kb7 50. Kc4 Ka6 51. f6 Kb7 52. Bf4 Kc8 53.
Bd6 Bxd6 54. cxd6 Kd8 55. Kd4 Ke8 56. Kc4 Kd8 57. b5 Kd7 58. bxc6+ Kxc6 59. d7
Kxd7 60. Kd5 Kc7 1/2-1/2

[Event "Frome Open 2018"]
[Site "Frome ENG"]
[Date "2018.05.19"]
[Round "3.8"]
[White "Krzyzanowski, Patryk"]
[Black "Fallowfield, Nicholas"]
[Result "1/2-1/2"]
[WhiteElo "2079"]
[BlackElo "1908"]
[PlyCount "114"]
[EventDate "2018.??.??"]
[SourceVersionDate "2018.05.20"]

1. d4 d5 2. c4 Nc6 3. cxd5 Qxd5 4. Nf3 e5 5. Nc3 Bb4 6. Bd2 Bxc3 7. Bxc3 e4 8.
Ne5 Nxe5 9. dxe5 Qxd1+ 10. Rxd1 Be6 11. b3 Ne7 12. Rd4 Nd5 13. Bd2 e3 14. fxe3
O-O-O 15. g3 Rd7 16. Bg2 Rhd8 17. O-O Ne7 18. Bc3 Nd5 19. Bd2 Ne7 20. Bb4 Nd5
21. Bxd5 Rxd5 22. Rfd1 b6 23. R4d3 R8d7 24. Bc3 Rd8 25. Kf2 h5 26. e4 R5d7 27.
Ke3 g6 28. Bb4 a5 29. Be7 Rxd3+ 30. exd3 Rd7 31. Bf6 c5 32. Rc1 Kb7 33. Kd2 a4
34. bxa4 Bxa2 35. Ke3 Be6 36. a5 Ka6 37. axb6 Kxb6 38. Rb1+ Kc6 39. Rb8 Rb7 40.
Rd8 Rd7 41. Ra8 Rb7 42. Ra3 Rb3 43. Rxb3 Bxb3 44. Kf4 Be6 45. Be7 Kb5 46. Ke3
Kc6 47. Kd2 Kb5 48. Kc3 Ba2 49. Kd2 Be6 50. Ke3 Kc6 51. Kf4 Kb5 52. Kg5 Kc6 53.
Kf6 Bb3 54. h3 Be6 55. Bd6 Bb3 56. g4 hxg4 57. hxg4 Be6 1/2-1/2

[Event "Frome Open 2018"]
[Site "Frome ENG"]
[Date "2018.05.19"]
[Round "3.9"]
[White "Adaway, William"]
[Black "Gregory, Andrew M"]
[Result "1-0"]
[WhiteElo "1864"]
[BlackElo "1973"]
[PlyCount "67"]
[EventDate "2018.??.??"]
[SourceVersionDate "2018.05.20"]

1. e4 c5 2. Nc3 Nc6 3. g3 g6 4. Bg2 Bg7 5. d3 Nf6 6. Nge2 O-O 7. O-O d6 8. f4
Rb8 9. h3 Nd4 10. Rb1 e5 11. Nd5 Nxd5 12. exd5 f5 13. c3 Nxe2+ 14. Qxe2 b5 15.
fxe5 dxe5 16. Be3 Bb7 17. Bxc5 Re8 18. c4 bxc4 19. dxc4 Rc8 20. b4 a5 21. a3
axb4 22. axb4 e4 23. Qe3 h5 24. g4 hxg4 25. hxg4 Qh4 26. gxf5 Ba6 27. Rf4 Qg5
28. Rxe4 Qxe3+ 29. Rxe3 Bxc4 30. fxg6 Rxe3 31. Bxe3 Bd3 32. Rd1 Bxg6 33. d6 Bf5
34. d7 1-0

[Event "Frome Open 2018"]
[Site "Frome ENG"]
[Date "2018.05.19"]
[Round "3.10"]
[White "Jukes, Sam"]
[Black "de Coverly, Roger D"]
[Result "0-1"]
[WhiteElo "1797"]
[BlackElo "1943"]
[PlyCount "112"]
[EventDate "2018.??.??"]
[SourceVersionDate "2018.05.20"]

1. e4 e5 2. Nf3 Nc6 3. Bc4 Nf6 4. d3 Be7 5. O-O O-O 6. c3 d6 7. Bb3 Na5 8. Bc2
c5 9. Re1 a6 10. a4 Bd7 11. Nbd2 Qc7 12. Nf1 Rfe8 13. Bg5 h6 14. Bxf6 Bxf6 15.
Ne3 Be6 16. Nd2 Nc6 17. Bb3 Rab8 18. Bxe6 fxe6 19. Ng4 Qe7 20. a5 Rf8 21. Nc4
Rbd8 22. Qe2 Qf7 23. Nxf6+ Qxf6 24. f3 Ne7 25. b4 cxb4 26. cxb4 Nc6 27. Qb2 Nd4
28. Ne3 h5 29. Nc2 Qg5 30. Nxd4 exd4 31. Qxd4 Rxf3 32. Kh1 Rf7 33. Rf1 Qe7 34.
Rxf7 Qxf7 35. Qe3 Rf8 36. Kg1 e5 37. Qe2 Qb3 38. Qa2 Qxa2 39. Rxa2 Rc8 40. b5
axb5 41. a6 bxa6 42. Rxa6 Rb8 43. Rxd6 b4 44. Rc6 b3 45. Rc1 Kf7 46. Rb1 Ke6
47. Kf2 Kd6 48. Ke3 Kc5 49. Rb2 Kb4 50. Kd2 Rf8 51. Rb1 Rf2+ 52. Ke3 Rxg2 53.
d4 exd4+ 54. Kxd4 Rxh2 55. Ke3 Rc2 56. Rg1 Rc7 0-1

[Event "Frome Open 2018"]
[Site "Frome ENG"]
[Date "2018.05.19"]
[Round "3.11"]
[White "Small, Simon"]
[Black "Littleton, Mark"]
[Result "1/2-1/2"]
[WhiteElo "2245"]
[BlackElo "1937"]
[PlyCount "76"]
[EventDate "2018.??.??"]
[SourceVersionDate "2018.05.20"]

1. d4 Nf6 2. Nc3 d5 3. Bg5 e6 4. e4 Be7 5. e5 Nfd7 6. Bxe7 Qxe7 7. f4 g6 8. Nf3
a6 9. Be2 c5 10. O-O cxd4 11. Nxd4 Nc6 12. Nb3 b6 13. Bf3 Bb7 14. Qe1 O-O 15.
Qg3 Kh8 16. Kh1 Nc5 17. Nxc5 bxc5 18. Ne2 Rab8 19. b3 Nb4 20. c3 Nc2 21. Rac1
Ne3 22. Rfe1 Nf5 23. Qf2 Rfd8 24. Rcd1 Rd7 25. Bg4 Qh4 26. Qxh4 Nxh4 27. Bh3
Rbd8 28. Kg1 d4 29. cxd4 cxd4 30. Nc1 d3 31. Rd2 a5 32. Kf2 Rd4 33. Re3 Be4 34.
g4 g5 35. fxg5 Ng6 36. Bg2 Bxg2 37. Kxg2 Rxg4+ 38. Rg3 Rxg3+ 1/2-1/2

[Event "Frome Open 2018"]
[Site "Frome ENG"]
[Date "2018.05.19"]
[Round "3.12"]
[White "Villiers, Thomas"]
[Black "Hutchings, Roger"]
[Result "1-0"]
[WhiteElo "2195"]
[BlackElo "1856"]
[PlyCount "91"]
[EventDate "2018.??.??"]
[SourceVersionDate "2018.05.20"]

1. Nf3 d5 2. e4 Bg4 3. exd5 Qxd5 4. Be2 Nf6 5. Nc3 Qd6 6. Nb5 Qb6 7. c4 c6 8.
Nc3 g6 9. O-O Bg7 10. d3 O-O 11. Be3 Qc7 12. d4 Nbd7 13. Rc1 Nb6 14. Ne5 Bxe2
15. Qxe2 Nbd7 16. f4 c5 17. Nxd7 Qxd7 18. dxc5 Ng4 19. Rfd1 Qf5 20. Rd5 Qc8 21.
b4 a5 22. b5 Nxe3 23. Qxe3 e6 24. Rd6 Rd8 25. Ne4 Bf8 26. Nf6+ Kh8 27. Qe5 Bg7
28. g4 Bxf6 29. Qxf6+ Kg8 30. Qd4 Qc7 31. Rd1 Rdc8 32. c6 bxc6 33. Rxc6 Qe7 34.
Qd7 Qxd7 35. Rxd7 Rxc6 36. bxc6 Kf8 37. Rb7 Rc8 38. c7 Ke7 39. Kf2 Kd6 40. Ke3
Kc6 41. Rb5 a4 42. Kd4 Rxc7 43. Rc5+ Kd6 44. Rxc7 Kxc7 45. g5 a3 46. Kc5 1-0

[Event "Frome Open 2018"]
[Site "Frome ENG"]
[Date "2018.05.19"]
[Round "3.13"]
[White "Hurst, Eddie"]
[Black "Martin, Lewis"]
[Result "1-0"]
[WhiteElo "1931"]
[BlackElo "2109"]
[PlyCount "43"]
[EventDate "2018.??.??"]
[SourceVersionDate "2018.05.20"]

1. d4 Nf6 2. Bf4 e6 3. Nf3 b6 4. e3 Bb7 5. Nbd2 c5 6. c3 Be7 7. h3 O-O 8. Bd3
Nc6 9. O-O cxd4 10. exd4 Nh5 11. Bh2 f5 12. Nc4 d6 13. Qe2 Qd7 14. Rfe1 Nd8 15.
Ne3 g6 16. Bc4 Ng7 17. a4 g5 18. d5 Kh8 19. dxe6 Ndxe6 20. Nxf5 Nf4 21. Qxe7
Qxf5 22. Qxb7 1-0

[Event "Frome Open 2018"]
[Site "Frome ENG"]
[Date "2018.05.19"]
[Round "3.14"]
[White "Menadue, Jeremy FS"]
[Black "Clancy, Martin J"]
[Result "1-0"]
[WhiteElo "2055"]
[BlackElo "1820"]
[PlyCount "61"]
[EventDate "2018.??.??"]
[SourceVersionDate "2018.05.20"]

1. d4 Nf6 2. c4 g6 3. Nc3 Bg7 4. e4 d6 5. Nge2 O-O 6. Ng3 c5 7. d5 e6 8. Be2
exd5 9. cxd5 a6 10. a4 Nbd7 11. O-O Qe7 12. f3 Nh5 13. Be3 f5 14. Nxh5 gxh5 15.
Qd2 Ne5 16. Rae1 Ng6 17. exf5 Bxf5 18. Bd3 Ne5 19. Bxf5 Rxf5 20. Qc2 Raf8 21.
Ne4 Rxf3 22. gxf3 Nxf3+ 23. Rxf3 Rxf3 24. Ng5 Rxe3 25. Qxh7+ Kf8 26. Rf1+ Ke8
27. Qg8+ Kd7 28. Rf7 Re1+ 29. Kg2 Re2+ 30. Kf3 Re3+ 31. Kf4 1-0

[Event "Frome Open 2018"]
[Site "Frome ENG"]
[Date "2018.05.19"]
[Round "3.15"]
[White "Ward, Julian D"]
[Black "Hamilton, Selwyn LL"]
[Result "1/2-1/2"]
[WhiteElo "1937"]
[BlackElo "1678"]
[PlyCount "94"]
[EventDate "2018.??.??"]
[SourceVersionDate "2018.05.20"]

1. d4 d5 2. Nf3 Nf6 3. c4 e6 4. Nc3 c5 5. e3 Nc6 6. a3 a6 7. Bd3 dxc4 8. Bxc4
b5 9. Be2 Bb7 10. O-O Be7 11. dxc5 Qxd1 12. Rxd1 Bxc5 13. b4 Ba7 14. Bb2 Ke7
15. Rd2 Rhd8 16. Rad1 Rxd2 17. Rxd2 Rd8 18. Rxd8 Kxd8 19. Na2 Ke7 20. Nc1 g6
21. Nb3 Nd7 22. Ng5 h6 23. Nf3 Ba8 24. Ne1 Nce5 25. Nc2 Bd5 26. Nbd4 Bxd4 27.
Bxd4 Bc4 28. Kf1 Bxe2+ 29. Kxe2 Kd6 30. f3 Nc4 31. e4 h5 32. Kd3 e5 33. Bf2
Ndb6 34. Bc5+ Kc6 35. Kc3 Nd7 36. Be7 Ndb6 37. Bh4 Nd7 38. a4 Ndb6 39. a5 Nc8
40. Bg5 N8d6 41. Ne3 Nxe3 42. Bxe3 f5 43. exf5 Nxf5 44. Bf2 Kd5 45. Kd3 Ne7 46.
g4 Nc6 47. Bc5 Nd8 1/2-1/2

[Event "Frome Open 2018"]
[Site "Frome ENG"]
[Date "2018.05.19"]
[Round "3.16"]
[White "Lewis, David"]
[Black "Forster, James Connor C"]
[Result "0-1"]
[WhiteElo "1644"]
[BlackElo "1843"]
[PlyCount "56"]
[EventDate "2018.??.??"]
[SourceVersionDate "2018.05.20"]

1. e4 d5 2. exd5 Qxd5 3. d4 Nf6 4. Nf3 c6 5. Nc3 Qd6 6. Bg5 Bg4 7. Be2 Nbd7 8.
O-O e6 9. Re1 Be7 10. Qd2 Qc7 11. Rad1 O-O 12. Ne5 Bxe2 13. Qxe2 Rad8 14. Kh1
Nb6 15. f4 Nbd5 16. Qf3 Qb6 17. f5 Qxb2 18. Nxd5 Nxd5 19. Bxe7 Nxe7 20. f6 Nf5
21. fxg7 Nxg7 22. Rb1 Qxc2 23. Rxb7 Qf5 24. Qg3 Rxd4 25. Nxc6 Qf4 26. Nxd4 Qxd4
27. h3 h6 28. Rxe6 fxe6 0-1

[Event "Frome Open 2018"]
[Site "Frome ENG"]
[Date "2018.05.20"]
[Round "4.1"]
[White "Jones, Steven A"]
[Black "Headlong, Timothy"]
[Result "1/2-1/2"]
[WhiteElo "2225"]
[BlackElo "2128"]
[PlyCount "81"]
[EventDate "2018.??.??"]
[SourceVersionDate "2018.05.20"]

1. e4 c5 2. Nf3 Nc6 3. d4 cxd4 4. Nxd4 g6 5. Nc3 Bg7 6. Be3 Nf6 7. Bc4 Qa5 8.
O-O O-O 9. Nb3 Qc7 10. f4 d6 11. Be2 b6 12. Bf3 Bb7 13. Qe2 Na5 14. Nxa5 bxa5
15. Rfd1 Bc6 16. Bd4 Nd7 17. Bxg7 Kxg7 18. Qc4 Qb6+ 19. Qd4+ Qxd4+ 20. Rxd4
Rab8 21. b3 Rb4 22. Ne2 Nc5 23. Rad1 Bxe4 24. Bxe4 Nxe4 25. Rxb4 axb4 26. Rd4
f5 27. Rxb4 Rc8 28. c4 d5 29. Ng3 Nc3 30. Rb7 dxc4 31. Rxe7+ Kf6 32. Rxh7 Nxa2
33. bxc4 Rxc4 34. Rxa7 Nc3 35. Ra3 Nd5 36. Ra6+ Kf7 37. Ne2 Nxf4 38. Nxf4 Rxf4
39. g3 Rb4 40. h4 Rb2 41. Rc6 1/2-1/2

[Event "Frome Open 2018"]
[Site "Frome ENG"]
[Date "2018.05.20"]
[Round "4.2"]
[White "Anderson, Peter W"]
[Black "Abicht, Till Konstantin"]
[Result "1-0"]
[WhiteElo "1977"]
[BlackElo "2183"]
[PlyCount "71"]
[EventDate "2018.??.??"]
[SourceVersionDate "2018.05.20"]

1. d4 Nf6 2. c4 c5 3. d5 b5 4. cxb5 a6 5. bxa6 g6 6. Nc3 Bxa6 7. g3 Bg7 8. Bg2
d6 9. Nf3 O-O 10. O-O Nbd7 11. Rb1 Qa5 12. Qc2 Nb6 13. Rd1 Ng4 14. Bd2 Nc4 15.
Be1 Rfb8 16. Qe4 Nxb2 17. Rdc1 Ne5 18. Nxe5 Bxe5 19. Qh4 Bf6 20. Qh6 Nd1 21.
Rxd1 Bxc3 22. Rxb8+ Rxb8 23. Bxc3 Qxc3 24. Bf3 Qc2 25. Qd2 Qxd2 26. Rxd2 Rb1+
27. Kg2 Bc4 28. Rc2 Rb4 29. a3 Ra4 30. Rc3 Ba2 31. e3 Kf8 32. Kf1 Ke8 33. Ke1
Kd7 34. Kd2 Kc7 35. Kc1 Bc4 36. Bd1 1-0

[Event "Frome Open 2018"]
[Site "Frome ENG"]
[Date "2018.05.20"]
[Round "4.3"]
[White "Waddington, Mike P"]
[Black "Stoyanov, Viktor"]
[Result "1/2-1/2"]
[WhiteElo "2073"]
[BlackElo "2129"]
[PlyCount "100"]
[EventDate "2018.??.??"]
[SourceVersionDate "2018.05.20"]

1. Nc3 c5 2. e4 Nc6 3. f4 g6 4. Nf3 Bg7 5. Bb5 Nd4 6. O-O a6 7. Bd3 e6 8. Nxd4
cxd4 9. Ne2 Ne7 10. b3 O-O 11. Bb2 d6 12. Qe1 Nc6 13. a3 b5 14. Rf3 Bf6 15. Rh3
e5 16. f5 gxf5 17. exf5 d5 18. Qg3+ Kh8 19. Qg4 Rg8 20. Qh5 Rg7 21. Ng3 e4 22.
Bf1 d3 23. Ra2 Bxb2 24. Rxb2 Qf6 25. Ra2 dxc2 26. Rxc2 Ne7 27. d3 e3 28. d4
Bxf5 29. Nxf5 Qxf5 30. Qxf5 Nxf5 31. Rc5 Rd8 32. Bd3 Nxd4 33. Rxe3 Nxb3 34. Rc6
Rdg8 35. g3 d4 36. Rf3 Re8 37. Rxa6 Nc5 38. Rd6 Nxd3 39. Rxd3 Rg4 40. R6xd4
Rxd4 41. Rxd4 Ra8 42. Rd5 Rxa3 43. Rxb5 Ra2 44. Rg5 h6 45. Rg4 Kh7 46. Rf4 Kg6
47. Rg4+ Kf5 48. Rf4+ Kg6 49. Rg4+ Kf5 50. Rf4+ Kg6 1/2-1/2

[Event "Frome Open 2018"]
[Site "Frome ENG"]
[Date "2018.05.20"]
[Round "4.4"]
[White "Duggan, Michael FG"]
[Black "Adaway, William"]
[Result "1/2-1/2"]
[WhiteElo "2080"]
[BlackElo "1864"]
[PlyCount "43"]
[EventDate "2018.??.??"]
[SourceVersionDate "2018.05.20"]

1. e4 g6 2. d4 Bg7 3. Nc3 c6 4. a4 d6 5. Be2 Nd7 6. f4 e5 7. Nf3 Ne7 8. dxe5
dxe5 9. Qd6 O-O 10. Nxe5 Nxe5 11. fxe5 Be6 12. Bg5 Qxd6 13. exd6 Nc8 14. Rd1 f6
15. Bh4 Rd8 16. Bg3 Nb6 17. O-O Nd7 18. Rf2 Ne5 19. b3 Rd7 20. Bxe5 fxe5 21.
Bc4 Re8 22. a5 1/2-1/2

[Event "Frome Open 2018"]
[Site "Frome ENG"]
[Date "2018.05.20"]
[Round "4.5"]
[White "de Coverly, Roger D"]
[Black "Kramaley, David"]
[Result "1-0"]
[WhiteElo "1943"]
[BlackElo "1819"]
[PlyCount "87"]
[EventDate "2018.??.??"]
[SourceVersionDate "2018.05.20"]

1. e4 d5 2. exd5 Qxd5 3. Nc3 Qd8 4. d4 Nf6 5. Nf3 Bg4 6. Be2 e6 7. O-O c6 8. h3
Bxf3 9. Bxf3 Be7 10. Ne2 Nbd7 11. c4 O-O 12. Nc3 Nb6 13. b3 Qc7 14. Be3 Rad8
15. Qc2 Rfe8 16. Rad1 h6 17. g3 Bb4 18. Bf4 Qe7 19. c5 Nbd5 20. Bd6 Qd7 21. Nb1
b5 22. a3 Ba5 23. b4 Bc7 24. Be5 a5 25. Qd2 axb4 26. axb4 Ra8 27. Bxf6 Nxf6 28.
Nc3 Ra3 29. Ra1 Rea8 30. Rxa3 Rxa3 31. Kg2 Nd5 32. Nxd5 exd5 33. Re1 Ra8 34.
Qe2 Kf8 35. Bg4 Qd8 36. Qd3 Kg8 37. Re3 Ra7 38. Qe2 Kf8 39. Qf3 Bb8 40. Re6 Rc7
41. Rd6 Qe7 42. Qf5 Qe4+ 43. Qxe4 dxe4 44. Rd8+ 1-0

[Event "Frome Open 2018"]
[Site "Frome ENG"]
[Date "2018.05.20"]
[Round "4.6"]
[White "Whitehead, Mark A"]
[Black "Turner, Joseph D"]
[Result "0-1"]
[WhiteElo "1897"]
[BlackElo "1855"]
[PlyCount "78"]
[EventDate "2018.??.??"]
[SourceVersionDate "2018.05.20"]

1. e4 e5 2. Nf3 Nc6 3. Bb5 f5 4. d3 fxe4 5. dxe4 Nf6 6. O-O Bd6 7. Nc3 a6 8.
Bc4 b5 9. Bd5 b4 10. Ne2 Nxd5 11. Qxd5 Rb8 12. Bg5 Ne7 13. Qc4 h6 14. Be3 Nc6
15. Ng3 g6 16. h4 Na5 17. Qd3 Qf6 18. h5 Bb7 19. hxg6 Qxg6 20. Nh4 Qg4 21. Nhf5
Bf8 22. f3 Qg8 23. Kf2 Nc4 24. Nh5 Qf7 25. Nf6+ Qxf6 26. Qxc4 c6 27. Bc5 d5 28.
Qxb4 dxe4 29. Nd6+ Bxd6 30. Bxd6 Rd8 31. Bc7 Rd4 32. Qxb7 exf3 33. Qb8+ Kd7 34.
Bxe5 Qh4+ 35. Bg3 Rd2+ 36. Ke1 Re2+ 37. Kd1 Qd4+ 38. Kc1 Qd2+ 39. Kb1 Qxc2# 0-1

[Event "Frome Open 2018"]
[Site "Frome ENG"]
[Date "2018.05.20"]
[Round "4.7"]
[White "Littleton, Mark"]
[Black "Villiers, Thomas"]
[Result "1/2-1/2"]
[WhiteElo "1937"]
[BlackElo "2195"]
[PlyCount "71"]
[EventDate "2018.??.??"]
[SourceVersionDate "2018.05.20"]

1. d4 Nf6 2. Nf3 g6 3. Bg5 Bg7 4. Nbd2 d6 5. e4 O-O 6. Bd3 Nc6 7. c3 e5 8. d5
Ne7 9. O-O Nh5 10. Re1 f6 11. Bh4 Nf4 12. Bf1 g5 13. Bg3 Neg6 14. Nc4 f5 15.
exf5 Bxf5 16. Ne3 Bd7 17. Nd2 h5 18. f3 Bh6 19. Qc2 Qf6 20. Ne4 Qf7 21. c4 Kh8
22. c5 g4 23. fxg4 h4 24. Bf2 Nxd5 25. Nxd5 Qxd5 26. g5 Bg7 27. Nf6 Bxf6 28.
Qxg6 Bg7 29. Bd3 Kg8 30. Qh7+ Kf7 31. Bg6+ Ke6 32. Qxg7 Rxf2 33. Kxf2 Qd4+ 34.
Re3 Qxb2+ 35. Re2 Qd4+ 36. Re3 1/2-1/2

[Event "Frome Open 2018"]
[Site "Frome ENG"]
[Date "2018.05.20"]
[Round "4.8"]
[White "Weatherlake, John P"]
[Black "Hurst, Eddie"]
[Result "1/2-1/2"]
[WhiteElo "2132"]
[BlackElo "1931"]
[PlyCount "116"]
[EventDate "2018.??.??"]
[SourceVersionDate "2018.05.20"]

1. e4 c6 2. d4 d5 3. exd5 cxd5 4. c4 Nf6 5. Nc3 e6 6. Nf3 Bb4 7. Qb3 Nc6 8.
cxd5 Nxd5 9. Bb5 Bd7 10. O-O Bxc3 11. bxc3 O-O 12. Bd3 Qc7 13. Bb1 Na5 14. Qc2
f5 15. Bd2 Rac8 16. Rc1 Nc4 17. Be1 Qf4 18. a4 g5 19. Ba2 g4 20. Nd2 Nd6 21.
Qd3 Bc6 22. Rab1 Qg5 23. g3 a5 24. Bb3 Qh5 25. c4 Nb4 26. Qe2 Rce8 27. h4 Ne4
28. Nf1 Rd8 29. Rd1 Ng5 30. Nh2 Nh3+ 31. Kf1 Be4 32. Bxb4 axb4 33. Bc2 Bxc2 34.
Qxc2 f4 35. Qe2 fxg3 36. Nxg4 Qf5 37. Nh6+ Kh8 38. Nxf5 Rxf5 39. f3 Rdf8 40.
Rb3 Nf4 41. Qe4 g2+ 42. Kg1 Rg8 43. Kh2 Rg6 44. Rg1 Rh6 45. Rxg2 Rxh4+ 46. Kg1
Nh3+ 47. Kh2 Nf4+ 48. Kg3 Nxg2 49. Qxe6 Rg5+ 50. Kf2 Nf4 51. Qc8+ Kg7 52. Qxb7+
Kh6 53. Qb6+ Kh5 54. Ke3 Ng2+ 55. Kd3 Ne1+ 56. Ke2 Rg2+ 57. Ke3 Nc2+ 58. Kd3
Ne1+ 1/2-1/2

[Event "Frome Open 2018"]
[Site "Frome ENG"]
[Date "2018.05.20"]
[Round "4.9"]
[White "Krzyzanowski, Patryk"]
[Black "Howell, Oliver W"]
[Result "1/2-1/2"]
[WhiteElo "2079"]
[BlackElo "1831"]
[PlyCount "61"]
[EventDate "2018.??.??"]
[SourceVersionDate "2018.05.20"]

1. d4 e6 2. Nf3 f5 3. Bg5 Nf6 4. Nbd2 Be7 5. Bxf6 Bxf6 6. e4 fxe4 7. Nxe4 Nc6
8. c3 O-O 9. Bd3 d6 10. Qc2 h6 11. O-O-O e5 12. Nxf6+ Qxf6 13. dxe5 Nxe5 14.
Nxe5 Qxe5 15. Rde1 Qf4+ 16. Kb1 Bf5 17. Re7 Bxd3 18. Qxd3 Rf7 19. Rhe1 Raf8 20.
f3 Rxe7 21. Rxe7 Qxh2 22. Qg6 Qg1+ 23. Kc2 Qf2+ 24. Kd3 Qf1+ 25. Kd2 Qf2+ 26.
Kd1 Qf1+ 27. Re1 Qc4 28. Re7 Qf1+ 29. Kd2 Qf2+ 30. Re2 Qc5 31. Re7 1/2-1/2